La polémica de Alberdi con Sarmiento y otras páginas /
Guardado en:
| Autor Principal: | |
|---|---|
| Formato: | Libro |
| Idioma: | Undetermined |
| Publicado: |
Buenos Aires :
M. Gleizer Editor,
1926.
|
| Materias: | |
| Etiquetas: |
Agregar Etiqueta
Sin Etiquetas, Sea el primero en etiquetar este registro!
|
| LEADER | 00521nam a22001575a 4500 | ||
|---|---|---|---|
| 001 | EHU.bham046607 | ||
| 005 | 20110517164432.0 | ||
| 008 | 110517s1926####ag############000#0#und#d | ||
| 100 | 1 | |a Sáenz Hayes, Ricardo. | |
| 245 | 0 | 0 | |a La polémica de Alberdi con Sarmiento y otras páginas / |c Ricardo Sáenz Hayes. |
| 260 | |a Buenos Aires : |b M. Gleizer Editor, |c 1926. | ||
| 300 | |a 148 p. | ||
| 653 | |a Alberdi | ||
| 653 | |a Sarmiento | ||
| 653 | |a Historia argentina | ||
| 859 | |a AR-BHAM |b BIB. HUMANIDADES - Donacion Lejarraga |h MFN000826 |p 000826.19 | ||
